00369nam a2200109Ia 4500008004100000082000800041100002400049245006600073942000600139952009900145999001500244240331s9999 xx 000 0 und d bTHA aBhakavathsala S. ed 0aThamizhagathil nadodgal :bsanga kalm muthal sama kalam varai cL 001040708LaWERCLbWERCLcSSCd2024-03-31l0o 398.352 THAp4984r2024-03-31w2024-03-31yL c3645d3645